000 00337nam a22001337a 4500
005 20260223144439.0
020 _a978-93-6224-941-8
082 _a639.3KUM/F
245 _aFish Health Management/
_ced by Jitendar Kumar
260 _a.-Newdelhi
_b:DPH
_c,2025
300 _a299p
700 _aKumar,Jitendar (ed)
_910639
942 _2ddc
_cBK
999 _c756727
_d756727